Psychology (Record no. 62256)
[ view plain ]
| 000 -LEADER | |
|---|---|
| fixed length control field | 00640nam a22001937a 4500 |
| 003 - CONTROL NUMBER IDENTIFIER | |
| control field | NUST-PNEC |
| 005 - DATE AND TIME OF LATEST TRANSACTION | |
| control field | 20170116180743.0 |
| 008 - FIXED-LENGTH DATA ELEMENTS--GENERAL INFORMATION | |
| fixed length control field | 150106b xxu||||| |||| 00| 0 eng d |
| 040 ## - CATALOGING SOURCE | |
| Transcribing agency | PNEC |
| 082 ## - DEWEY DECIMAL CLASSIFICATION NUMBER | |
| Classification number | 150 WOO |
| 100 ## - MAIN ENTRY--PERSONAL NAME | |
| 9 (RLIN) | 1178 |
| Personal name | Woodworth, R.S. |
| 245 ## - TITLE STATEMENT | |
| Title | Psychology |
| Statement of responsibility, etc. | R.S. Woodworth & D.G. Marquis |
| 260 ## - PUBLICATION, DISTRIBUTION, ETC. | |
| Place of publication, distribution, etc. | London: |
| Name of publisher, distributor, etc. | University Paperbacks; |
| Date of publication, distribution, etc. | c1965. |
| 300 ## - PHYSICAL DESCRIPTION | |
| Extent | 674 p. : |
| Dimensions | 20 cm. |
| 500 ## - GENERAL NOTE | |
| General note | Includes Index |
| 650 ## - SUBJECT ADDED ENTRY--TOPICAL TERM | |
| General subdivision | General |
| 856 ## - ELECTRONIC LOCATION AND ACCESS | |
| Uniform Resource Identifier | <a href="http://www.amazon.com/Psychology-R-S-Marquis-Woodworth/dp/B004N92764/ref=sr_1_11?s=books&ie=UTF8&qid=1420530875&sr=1-11&keywords=PSYCHOLOGY+BY+R.S.+WOODWORTH">http://www.amazon.com/Psychology-R-S-Marquis-Woodworth/dp/B004N92764/ref=sr_1_11?s=books&ie=UTF8&qid=1420530875&sr=1-11&keywords=PSYCHOLOGY+BY+R.S.+WOODWORTH</a> |
| 942 ## - ADDED ENTRY ELEMENTS (KOHA) | |
| Source of classification or shelving scheme | |
| Koha item type | Book |
| Withdrawn status | Lost status | Source of classification or shelving scheme | Damaged status | Not for loan | Permanent Location | Current Location | Shelving location | Date acquired | Source of acquisition | Cost, normal purchase price | Total Checkouts | Full call number | Barcode | Date last seen | Cost, replacement price | Price effective from | Koha item type |
|---|---|---|---|---|---|---|---|---|---|---|---|---|---|---|---|---|---|
| Pakistan Navy Engineering College (PNEC) | Pakistan Navy Engineering College (PNEC) | 12/30/2013 | Library / Reference Grant | 0.00 | 150 WOO | PNECLIB-002074 | 01/06/2015 | 0.00 | 12/30/2013 | Book |
